Nyelvi laboratóriumot avattak Szegeden
Elmentve itt :
| Dokumentumtípus: | Cikk |
|---|---|
| Megjelent: |
1966-04-22
|
| Sorozat: | Délmagyarország
56 No. 94 |
| Kulcsszavak: | Radnóti Gimnázium, Nyelvtanulás Szeged 1966 |
| Online Access: | http://dmarchiv.bibl.u-szeged.hu/73751 |
| LEADER | 00440nab a2200145 i 4500 | ||
|---|---|---|---|
| 001 | delm73751 | ||
| 005 | 20180928082616.0 | ||
| 008 | 180928s1966 hu o 0|| hun d | ||
| 040 | |a SZTE Délmagyarország Archívum |b hun | ||
| 041 | |a hun | ||
| 245 | 0 | 0 | |a Nyelvi laboratóriumot avattak Szegeden |h [elektronikus dokumentum] |
| 260 | |c 1966-04-22 | ||
| 300 | |a 5 | ||
| 490 | 0 | |a Délmagyarország |v 56 No. 94 | |
| 695 | |a Radnóti Gimnázium, Nyelvtanulás Szeged 1966 | ||